000
00325nam a2200145Ia 4500
003
RNL
008
090707b ii f a fnsan d
040
_a
RCL
082
_a
311.21 D36S
100
_a
Desraj
_9
30363
245
_a
Sampling Theory
260
_c
1979
_a
NewDelhi
_b
Tata McGrraw Hill
300
_a
302p.
942
_c
BK
999
_c
14229
_d
14229